[Event "Scarborough CC Winter End U1800"]
[Site "Toronto"]
[Date "2012.02.23"]
[Round "2"]
[White "Zhong, Joey"]
[Black "Veecock, Carl"]
[Result "1-0"]
[WhiteElo "1451"]
[BlackElo "1361"]
[PlyCount "69"]
[EventDate "2012.02.16"]
[EventType "swiss"]
[EventRounds "5"]
[EventCountry "CAN"]
[SourceTitle "EXT 2022"]
[Source "ChessBase"]
[SourceDate "2021.10.06"]
[SourceVersion "1"]
[SourceVersionDate "2021.10.06"]
[SourceQuality "1"]

1. d4 e6 2. c4 Bb4+ 3. Bd2 Bxd2+ 4. Qxd2 Ne7 5. Nf3 Nbc6 6. Nc3 d6 7. e4 Bd7 8. Be2 Ng6 9. 0-0 Qf6 10. Rfd1 a6 11. a3 Qf4 12. Qc2 Qf6 13. b4 Na7 14. c5 0-0 15. e5 dxe5 16. dxe5 Qe7 17. Ne4 Rfd8 18. Neg5 f6 19. exf6 Qxf6 20. Bd3 Be8 21. Re1 Bf7 22. Re3 Qxa1+ 23. Re1 Qf6 24. Bc4 Re8 25. Qb3 Nf8 26. Ne4 Qe7 27. Ne5 h6 28. Re3 Nc6 29. Ng4 Nd4 30. Qc3 Rad8 31. Rg3 Nf5 32. Nxh6+ Kh7 33. Nxf5 Rd1+ 34. Bf1 Rdd8 35. Qxg7# 1-0

[Event "Scarborough CC-ch Reserves U1700"]
[Site "Toronto"]
[Date "2011.04.14"]
[Round "8"]
[White "Veecock, Carl"]
[Black "Lin, Benjamin1111"]
[Result "1-0"]
[WhiteElo "1360"]
[BlackElo "1129"]
[PlyCount "120"]
[EventDate "2011.02.24"]
[EventType "swiss"]
[EventRounds "9"]
[EventCountry "CAN"]
[SourceTitle "EXT 2022"]
[Source "ChessBase"]
[SourceDate "2021.10.06"]
[SourceVersion "1"]
[SourceVersionDate "2021.10.06"]
[SourceQuality "1"]

1. Nf3 d5 2. g3 Nc6 3. Bg2 e5 4. d3 Nf6 5. 0-0 Be7 6. c4 d4 7. Nbd2 0-0 8. Ng5 h6 9. Nge4 Be6 10. Nxf6+ Bxf6 11. Bxc6 bxc6 12. Ne4 Bh3 13. Nxf6+ Qxf6 14. Re1 Rfe8 15. f3 Qg6 16. e4 f5 17. b3 f4 18. g4 h5 19. Qd2 hxg4 20. fxg4 Qxg4+ 21. Kh1 Bg2+ 22. Qxg2 Qxg2+ 23. Kxg2 g5 24. Ba3 Kf7 25. Rg1 Rg8 26. Kf3 Rg7 27. Rg2 Rag8 28. Rag1 a5 29. Bc1 Kf6 30. Bd2 Ra8 31. h4 g4+ 32. Rxg4 Rxg4 33. Rxg4 a4 34. b4 Rh8 35. a3 Rh7 36. Be1 Rg7 37. h5 Rh7 38. Bh4+ Kf7 39. Rg5 Ke6 40. Rg6+ Kd7 41. h6 Ke8 42. Rxc6 Kf8 43. Bg5 Kg8 44. Re6 Kf8 45. Rxe5 Kg8 46. Re7 Rxe7 47. Bxe7 Kh7 48. Bf8 Kg8 49. Bg7 Kh7 50. Kxf4 Kg8 51. Bxd4 Kh7 52. Bg7 Kg6 53. Ke5 Kf7 54. d4 Kg8 55. Kf6 Kh7 56. e5 c5 57. bxc5 Kg8 58. e6 Kh7 59. Ke7 Kg8 60. Kd7 Kh7 1-0

[Event "Toronto Howard Ridout op U1700"]
[Site "Toronto"]
[Date "2009.09.10"]
[Round "1"]
[White "Rogers, Michael"]
[Black "Veecock, Carl"]
[Result "0-1"]
[WhiteElo "1440"]
[BlackElo "1641"]
[PlyCount "100"]
[EventDate "2009.09.10"]
[EventType "swiss"]
[EventRounds "8"]
[EventCountry "CAN"]
[SourceTitle "EXT 2011"]
[Source "ChessBase"]
[SourceDate "2010.11.26"]
[SourceVersion "1"]
[SourceVersionDate "2010.11.26"]
[SourceQuality "1"]

1. e4 c6 2. d4 d5 3. Nc3 dxe4 4. Nxe4 e5 5. Be3 Nf6 6. Nxf6+ Qxf6 7. Nf3 Bg4 8. Be2 Bxf3 9. Bxf3 Nd7 10. Qe2 Bb4+ 11. c3 Bd6 12. 0-0 0-0 13. Rad1 Rfe8 14. Be4 Nf8 15. Qg4 exd4 16. Bg5 Qe6 17. Bf5 Qe5 18. g3 Qe2 19. Qxd4 Be5 20. Qb4 Qb5 21. Qxb5 cxb5 22. Be4 f6 23. Bxb7 fxg5 24. Bxa8 Rxa8 25. Rd5 Bf6 26. Rxb5 Nd7 27. Rb7 Nc5 28. Rc7 Nd3 29. b4 Be5 30. Rc6 Nb2 31. c4 Rd8 32. Rb1 Rd1+ 33. Rxd1 Nxd1 34. a4 Nc3 35. Ra6 Bb8 36. a5 Na2 37. b5 Nb4 38. Re6 Kf7 39. Re4 a6 40. c5 Nd5 41. b6 Ne7 42. f4 Nc6 43. Ra4 gxf4 44. Rxf4+ Bxf4 45. gxf4 Nxa5 46. Kf2 Ke6 47. Ke3 Kd5 48. f5 Kxc5 49. h4 Nc4+ 50. Kd3 Nxb6 0-1